书目信息 |
| 题名: |
上海通史
|
|
| 作者: | 能月之 著 | |
| 分册: | 第1卷 | |
| 出版信息: | 上海 上海人民出版社 1999.09 |
|
| 页数: | 264页 | |
| 开本: | 21cm | |
| 丛书名: | ||
| 单 册: | ||
| 中图分类: | K295.1 | |
| 科图分类: | ||
| 主题词: | 中国--地方史 , 地方史--上海 | |
| 电子资源: | ||
| ISBN: | 7-208-03240-8 | |
| 000 | 00616nam0 2200217 45 | |
| 001 | 0211121499 | |
| 005 | 20031219104100.1 | |
| 010 | @a7-208-03240-8@b精装@dCNY30.00 | |
| 100 | @a20021112d1999 km y0chiy0120 ea | |
| 101 | 0 | @achi |
| 105 | @ayk z 000yy | |
| 200 | 1 | @a上海通史@h第1卷@e导论@EDao Lun@AShang Hai Tong Shi@f能月之著@FNeng YueZhi Zhu |
| 210 | @a上海@c上海人民出版社@d1999.09 | |
| 215 | @a264页@d21cm | |
| 517 | @a导论@ADao Lun | |
| 606 | 0 | @a中国@x地方史 |
| 606 | 0 | @a地方史@y上海 |
| 690 | @aK295.1@v4 | |
| 701 | 0 | @a能月之@4著 |
| 801 | @aCN@bTSTC@c20021112 | |
| 905 | @b317322-326@dK295.1@e111:1@f5 | |
| 上海通史.第1卷:导论/能月之著.-上海:上海人民出版社,1999.09 |
| 264页;21cm |
| ISBN 7-208-03240-8(精装):CNY30.00 |
| ● |
| 相关链接 |
|
|
|
|
正题名:上海通史
索取号:K295.1/111:1
 
预约/预借
| 序号 | 登录号 | 条形码 | 馆藏地/架位号 | 状态 | 备注 |
| 1 | 0317322 | 203173225 | 密集书库/ [索取号:K295.1/111:1] | 在馆 | |
| 2 | 0317323 | 203173234 | 密集书库/ [索取号:K295.1/111:1] | 在馆 | |
| 3 | 0317324 | 203173243 | 第二借阅区/ [索取号:K295.1/111:1] | 在馆 | |
| 4 | 0317325 | 203173252 | 第二借阅区/ [索取号:K295.1/111:1] | 在馆 | |
| 5 | 0317326 | 203173261 | 第二样本阅览室/ [索取号:K295.1/111:1] | 在馆 |